Vista normal
Vista MARC
- Aymerich, María
Entrada Nombre de persona
Número de registros utilizados en: 3
001 - NÚMERO DE CONTROL
- campo de control: 1388
003 - IDENTIFICADOR DEL NÚMERO DE CONTROL
- campo de control: ES-MaFIAP
005 - FECHA Y HORA DE LA ÚLTIMA TRANSACCIÓN
- campo de control: 20231025143331.0
008 - DATOS DE LONGITUD FIJA
- campo de control de longitud fija: 231025|| aca||aabn | a|a d
040 ## - FUENTE DE LA CATALOGACIÓN
- Centro catalogador/agencia de origen: ES-MaFIAP
100 1# - ENCABEZAMIENTO-NOMBRE DE PERSONA
- Nombre de persona: Aymerich, María





